| 000 | 01339cam a2200409 a 4500 | ||
|---|---|---|---|
| 001 | 603018 | ||
| 003 | ARRUPE | ||
| 005 | 20160321113354.0 | ||
| 008 | 871016s1987 enkb b s001 0 eng | ||
| 010 | _a 87011201 | ||
| 020 | _a0821408739 | ||
| 020 | _a0821408747 (U.S. : pbk.) | ||
| 035 | _a(OCoLC)15657733 | ||
| 035 | _a(OCoLC)ocm15657733 | ||
| 035 | _a(CStRLIN)NYCG87-B83076 | ||
| 035 | _a(NNC)603018 | ||
| 040 |
_dNNC _cArrupe |
||
| 043 | _af-ke--- | ||
| 050 | 0 |
_aHD1538.K4 _bK36 1987 |
|
| 082 | 0 |
_a307.3/36 _219 |
|
| 090 |
_aHD1538.K4 _bK36 1987 |
||
| 100 | 1 |
_aKanogo, Tabitha M. _923030 |
|
| 245 | 1 | 0 |
_aSquatters and the roots of Mau Mau, 1905-63 / _cTabitha Kanogo. |
| 260 |
_aLondon : _bJ. Currey ; _aAthens : _bOhio University Press, _c1987. |
||
| 300 |
_axviii, 206 p. : _bmaps ; _c23 cm. |
||
| 490 | 1 | _aEastern African studies | |
| 500 | _aIncludes index. | ||
| 500 | _aIssued with various printing dates. | ||
| 504 | _aBibliography: p. [188]-197. | ||
| 610 | 2 | 0 |
_aMau Mau _xHistory. _91540 |
| 650 | 0 |
_aMigrant agricultural laborers _zKenya _xHistory _y20th century. _923031 |
|
| 650 | 0 |
_aSquatters _zKenya _xHistory _y20th century. _923032 |
|
| 650 | 0 |
_aKikuyu (African people) _xHistory. _923033 |
|
| 830 | 0 |
_aEastern African studies (London, England) _923034 |
|
| 942 |
_2lcc _cMONOGRAPH |
||
| 999 |
_c124401 _d124401 |
||